Trains around the world (Record no. 60276)

MARC details
000 -LEADER
fixed length control field 00471nam a2200133 a 4500
008 - FIXED-LENGTH DATA ELEMENTS--GENERAL INFORMATION
fixed length control field 120416s1972 ||||||||||||||||| || u
020 ## - INTERNATIONAL STANDARD BOOK NUMBER
International Standard Book Number 070640078X
050 ## - LIBRARY OF CONGRESS CALL NUMBER
Classification number HE 1021 TRA
245 00 - TITLE STATEMENT
Title Trains around the world
Statement of responsibility, etc. Brian Haresnape
260 ## - PUBLICATION, DISTRIBUTION, ETC.
Place of publication, distribution, etc. London
Name of publisher, distributor, etc. Octopus Books Limited
Date of publication, distribution, etc. 1972
300 ## - PHYSICAL DESCRIPTION
Extent 162p. : ill.
350 ## - PRICE (NR) (BK AM CF MU VM SE) [OBSOLETE]
Price 0.00
995 ## - RECOMMENDATION 995 [LOCAL, UNIMARC FRANCE]
-- 0.00
-- CBU-MAIN LIBRARY (Kitwe)
-- 1
-- 8.00
-- 1
-- WEEDED
-- Jul 26, 2017
-- Reference Collection
Holdings
Withdrawn status Lost status Source of classification or shelving scheme Damaged status Not for loan Home library Current library Shelving location Date acquired Total Checkouts Full call number Barcode Date last seen Price effective from Koha item type
          CBU-MAIN LIBRARY, KITWE. CBU-MAIN LIBRARY, KITWE.   11/30/2022   HE 1021 TRA 023283 11/30/2022 11/30/2022 MONOGRAPH